Machine learning based multipath multicast routing protocol for cognitive radio networks (Record no. 13034)

000 -LEADER
fixed length control field 00481nam a22001457a 4500
082 ## - DEWEY DECIMAL CLASSIFICATION NUMBER
Classification number BEE-2 UMA
100 ## - MAIN ENTRY--PERSONAL NAME
Personal name Umar Khalid
9 (RLIN) 92297
245 ## - TITLE STATEMENT
Title Machine learning based multipath multicast routing protocol for cognitive radio networks
260 ## - PUBLICATION, DISTRIBUTION, ETC.
Place of publication, distribution, etc. Islamabad
Name of publisher, distributor, etc. NUST-SEECS
Date of publication, distribution, etc. 2014
300 ## - PHYSICAL DESCRIPTION
Extent 47
Other physical details 25cm
500 ## - GENERAL NOTE
General note Supervisors: Dr. Junaid Qadir, Dr. Adeel Baig
700 ## - ADDED ENTRY--PERSONAL NAME
Personal name Kashif Munir
9 (RLIN) 92298
856 ## - ELECTRONIC LOCATION AND ACCESS
Uniform Resource Identifier <a href="http://10.250.8.41:8080/xmlui/handle/123456789/28804">http://10.250.8.41:8080/xmlui/handle/123456789/28804</a>
942 ## - ADDED ENTRY ELEMENTS (KOHA)
Koha item type Project Report
Source of classification or shelving scheme
Holdings
Withdrawn status Lost status Source of classification or shelving scheme Damaged status Not for loan Permanent Location Current Location Shelving location Date acquired Full call number Barcode Date last seen Price effective from Koha item type
WITHDRAWN         Central Library (CL) Central Library (CL) General Stacks 08/26/2014 BEE-2 UMA SEECSP01530 10/26/2014 10/26/2014 Project Report
© 2023 Central Library, National University of Sciences and Technology. All Rights Reserved.